5HLuxD.jpg

KING HENRY VIII SENIOR AND PRIMARY SCHOOL LIBRARY OPAC

Royal assassin / (Record no. 1939)

000 -LEADER
fixed length control field 01092pam a2200313 i 4500
001 - CONTROL NUMBER
control field 019723703
003 - CONTROL NUMBER IDENTIFIER
control field UkOxU
005 - DATE AND TIME OF LATEST TRANSACTION
control field 20230220113527.0
008 - FIXED-LENGTH DATA ELEMENTS--GENERAL INFORMATION
fixed length control field 140321r20141996enkb 000 1 eng d
015 ## - NATIONAL BIBLIOGRAPHY NUMBER
National bibliography number GBB433313
Source bnb
020 ## - INTERNATIONAL STANDARD BOOK NUMBER
International Standard Book Number 9780007562268 (pbk.) :
035 ## - SYSTEM CONTROL NUMBER
System control number (Uk)016657915
040 ## - CATALOGING SOURCE
Original cataloging agency StDuBDS
Language of cataloging eng
Description conventions rda
Transcribing agency StDuBDS
Modifying agency Uk
-- KH8
082 04 - DEWEY DECIMAL CLASSIFICATION NUMBER
Classification number FIC HOB
Edition number 23
100 1# - MAIN ENTRY--PERSONAL NAME
Personal name Hobb, Robin
Relator term author.
245 10 - TITLE STATEMENT
Title Royal assassin /
Statement of responsibility, etc. Robin Hobb.
264 #1 - PRODUCTION, PUBLICATION, DISTRIBUTION, MANUFACTURE, AND COPYRIGHT NOTICE
Place of production, publication, distribution, manufacture London :
Name of producer, publisher, distributor, manufacturer Harper Voyager,
Date of production, publication, distribution, manufacture, or copyright notice 2014.
300 ## - PHYSICAL DESCRIPTION
Extent 648 pages :
Other physical details 1 map ;
Dimensions 20 cm.
336 ## - CONTENT TYPE
Content type term text
Source rdacontent
337 ## - MEDIA TYPE
Media type term unmediated
Source rdamedia
338 ## - CARRIER TYPE
Carrier type term volume
Source rdacarrier
440 ## - SERIES STATEMENT/ADDED ENTRY--TITLE
Title The Farseer trilogy ;
Number of part/section of a work 2
500 ## - GENERAL NOTE
General note Originally published: 1996.
500 ## - GENERAL NOTE
General note Formerly CIP.
Institution to which field applies Uk
520 ## - SUMMARY, ETC.
Summary, etc. In the fantasy land of the Six Duchies, a king's illegitimate grandson is appointed official royal assassin, his job to protect the throne and its descendants from usurpers. The novel describes his adventures in battle, magic and love.
650 ## - SUBJECT ADDED ENTRY--TOPICAL TERM
Topical term or geographic name entry element Assassins
655 #0 - INDEX TERM--GENRE/FORM
Genre/form data or focus term Fantasy fiction.
942 ## - ADDED ENTRY ELEMENTS (KOHA)
Source of classification or shelving scheme
Koha item type Books - Fiction
Holdings
Withdrawn status Lost status Source of classification or shelving scheme Damaged status Not for loan Collection code Permanent Location Current Location Shelving location Date acquired Full call number Barcode Date last seen Price effective from Koha item type
          Fiction KH8 Senior School Library KH8 Senior School Library Fiction 2023-02-20 FIC HOB 3KHSL000101980 2024-07-16 2023-02-20 Books - Fiction

Powered By KH8 IT Dept